|
|
|
|
| LEADER |
00000nab a2200000 ar4500 |
| 001 |
vtls008427624 |
| 003 |
SK-MaSNL |
| 005 |
20260303070004.0 |
| 008 |
060202c2005 xo mr|p|||||||000 b|slo |
| 015 |
|
|
|a SNBRB2006/01
|2 snkbucl
|
| 038 |
|
|
|a SNKBUCL
|
| 040 |
|
|
|a SNKBUCL
|b slo
|c SNKBUCL
|e AACR2
|
| 041 |
0 |
|
|a slo
|
| 044 |
|
|
|a xo
|c SK
|
| 080 |
|
|
|a 334.734:687.1
|x (437.6)
|2 1997
|
| 080 |
|
|
|a 687.1
|x (437.6)
|2 1997
|
| 245 |
0 |
0 |
|a Minulosť i súčasnosť stavia na ľudskej práci a jej hodnotách
|b patrí medzi 8 významných odevných závodov na Slovensku
|c [autor] M.R.
|
| 610 |
2 |
7 |
|a Vzor (Zvolen, Slovensko)
|2 snkbucl
|9 891703
|
| 651 |
|
7 |
|a Zvolen (Slovensko)
|2 snkbucl
|9 14595
|
| 773 |
0 |
|
|t Výrobné družstevníctvo
|g Roč. 51, č. 11-12 (2005), s. 9-11
|x 1336-2224
|
| 852 |
|
|
|a SNK
|b KIS3GCP
|
| 999 |
|
|
|c 1753532
|d 1755462
|